Ngữ văn 11
Sách là tài liệu tham khảo giúp giáo viên, học sinh trung học phổ thông có thêm tư liệu để dạy và học tốt hơn bộ môn Ngữ văn.
Enregistré dans:
| Auteur principal: | |
|---|---|
| Format: | Livre |
| Langue: | Undetermined |
| Publié: |
Hà Nội
Giáo dục Việt Nam
2016
|
| Sujets: | |
| Tags: |
Ajouter un tag
Pas de tags, Soyez le premier à ajouter un tag!
|
| Thư viện lưu trữ: | Trung tâm Học liệu Trường Đại học Cần Thơ |
|---|
| LEADER | 01067nam a2200241Ia 4500 | ||
|---|---|---|---|
| 001 | CTU_216680 | ||
| 008 | 210402s9999 xx 000 0 und d | ||
| 020 | |c 6700 | ||
| 082 | |a 495.9220712 | ||
| 082 | |b L502/T.2 | ||
| 100 | |a Phan, Trọng Luận | ||
| 245 | 0 | |a Ngữ văn 11 | |
| 245 | 0 | |c Phan Trọng Luận (Tổng chủ biên) | |
| 260 | |a Hà Nội | ||
| 260 | |b Giáo dục Việt Nam | ||
| 260 | |c 2016 | ||
| 520 | |a Sách là tài liệu tham khảo giúp giáo viên, học sinh trung học phổ thông có thêm tư liệu để dạy và học tốt hơn bộ môn Ngữ văn. | ||
| 526 | |a Lý thuyết giao tiếp và việc tổ chức giảng dạy tiếng Việt trong nhà trường phổ thông,Tập giảng Ngữ Văn | ||
| 526 | |b SPV605,SG209 | ||
| 650 | |a Vietnamese philology,Ngữ văn Việt Nam | ||
| 650 | |x Study and teaching (Secondary),Dạy và học (Trung học) | ||
| 904 | |i Hải | ||
| 980 | |a Trung tâm Học liệu Trường Đại học Cần Thơ | ||